Kultúrna politika Slovenska v 21. storočí : kultúrno-politický výber z kultúrneho kyslíka

Saved in:
Bibliographic Details
Main Authors: Borecká, Eva, 1958- (Author), Mellner, Dušan, 1975- (Author), Pilař, Pavol, 1989- (Author), Struhařová, Petra, 1971- (Author), Húsenicová, Jarmila, 1953- (Author), Kuráň, Jozef, 1979- (Author), Vášaryová Magdaléna (Author), Vallo Stanislav (Author), Talian Vladimír (Author), Javorská Jana (Author), Katuščák Martin (Author), Erhard Busek (Author), Fajt Jiří (Author), Mičev Stanislav (Author), Jurzyca Eugen (Author), Sokol Jan (Author), Kasarda Martin (Author), Dolinská Viktória (Author), Sanetra-Szeliga Joanna (Author), Radkoff Peter (Author), Glondys Danuta (Author), Rovinský Ladislav (Author), Margielska Kama (Author), Hausner Jerzy (Author), Stránský Jiří (Author)
Format: Book
Language:Slovak
Published: Bratislava Via Cultura: Inštitút pre kultúrnu politiku 2017
Edition:1. vyd.
Tags: Add Tag
No Tags, Be the first to tag this record!

MARC

LEADER 00000nam a22000003a 4500
001 0031078
003 SK-STU
005 20220302204816.3
007 ta
008 180209s -------||||||||||-|||-||----d
020 |a 978-80-972562-4-1 
041 0 |a slo 
044 |a xo 
100 1 |4 aut  |9 6  |a Borecká, Eva,  |d 1958-  |u 010310  |r Z1  |U SvF Stavebná fakulta  |T SvF Katedra architektúry  |X 53660  |U V181|V310  |Y 19  |7 A000053660 
242 0 0 |a Cultural policy in Slovakia in 21. century  |y eng 
245 1 0 |a Kultúrna politika Slovenska v 21. storočí :  |b kultúrno-politický výber z kultúrneho kyslíka 
250 |a 1. vyd. 
260 |a Bratislava  |b Via Cultura: Inštitút pre kultúrnu politiku  |c 2017 
300 |a 107 s. 
700 1 |4 aut  |9 2  |a Mellner, Dušan,  |d 1975-  |u 010310  |U SvF Stavebná fakulta  |T SvF Katedra architektúry  |X 5310  |U V181|V310  |Y 19  |7 5310 
700 1 |4 aut  |9 6  |a Pilař, Pavol,  |d 1989-  |u 010310  |U SvF Stavebná fakulta  |T SvF Katedra architektúry  |X 59136  |U V181|V310  |Y 19  |7 A000059136 
700 1 |4 aut  |9 6  |a Struhařová, Petra,  |d 1971-  |u 010310  |U SvF Stavebná fakulta  |T SvF Katedra architektúry  |X 77076  |U V181|V310  |Y 19  |7 77076 
700 1 |4 aut  |9 6  |a Húsenicová, Jarmila,  |d 1953-  |u 010310  |U SvF Stavebná fakulta  |T SvF Katedra architektúry  |X 901  |U V181|V310  |Y 19  |7 A000000901 
700 1 |4 aut  |9 6  |a Kuráň, Jozef,  |d 1979-  |u 010310  |U SvF Stavebná fakulta  |T SvF Katedra architektúry  |X 710  |U V181|V310  |Y 19  |7 A000000710 
700 1 |4 aut  |9 12  |a Vášaryová Magdaléna 
700 1 |4 aut  |9 2  |a Vallo Stanislav 
700 1 |4 aut  |9 2  |a Talian Vladimír 
700 1 |4 aut  |9 12  |a Javorská Jana 
700 1 |4 aut  |9 12  |a Katuščák Martin 
700 1 |4 aut  |9 2  |a Erhard Busek 
700 1 |4 aut  |9 2  |a Fajt Jiří 
700 1 |4 aut  |9 2  |a Mičev Stanislav 
700 1 |4 aut  |9 2  |a Jurzyca Eugen 
700 1 |4 aut  |9 2  |a Sokol Jan 
700 1 |4 aut  |9 2  |a Kasarda Martin 
700 1 |4 aut  |9 2  |a Dolinská Viktória 
700 1 |4 aut  |9 2  |a Sanetra-Szeliga Joanna 
700 1 |4 aut  |9 2  |a Radkoff Peter 
700 1 |4 aut  |9 2  |a Glondys Danuta 
700 1 |4 aut  |9 2  |a Rovinský Ladislav 
700 1 |4 aut  |9 2  |a Margielska Kama 
700 1 |4 aut  |9 2  |a Hausner Jerzy 
700 1 |4 aut  |9 2  |a Stránský Jiří 
996 |b 284M087973  |c M* 14160-1  |l MMST  |s A  |a 24  |w 0031078_0001